Fast Food Logos - Statistics

General Stats
  • This quiz has been taken 148 times
  • The average score is 16 of 20
Answer Stats
Picture Answer % Correct
Mcdonalds
98%
KFC
97%
Taco Bell
97%
Burger King
95%
Subway
95%
Starbucks
94%
Dunkin Donuts
93%
Wendys
91%
Pizza Hut
89%
Chick Fil A
86%
Arbys
83%
Panda Express
83%
In N Out
82%
Sonic
81%
Dairy queen
71%
Carl's Jr
64%
Jack In the Box
63%
White Castle
61%
What a Burger
52%
Panera Bread
51%
No matching quizzes found
Score Distribution
Percent of People with Each Score
Percentile by Number Answered
Your Score History
You have not taken this quiz